Computer-based library information systems designing techniques / (Record no. 134632)

MARC details
000 -LEADER
fixed length control field 00777nam a22002417a 4500
005 - DATE AND TIME OF LATEST TRANSACTION
control field 20170124110231.0
010 ## - LIBRARY OF CONGRESS CONTROL NUMBER
LC control number A-994055
020 ## - INTERNATIONAL STANDARD BOOK NUMBER
Terms of availability 250.00
International Standard Book Number 8120721594
035 ## - SYSTEM CONTROL NUMBER
System control number A-994055
037 ## - SOURCE OF ACQUISITION
Source of stock number/acquisition Cen Lib/Ret
040 ## - CATALOGING SOURCE
Original cataloging agency DPL
Language of cataloging EN
082 ## - DEWEY DECIMAL CLASSIFICATION NUMBER
Classification number 025.04
Item number KAS
100 ## - MAIN ENTRY--PERSONAL NAME
Personal name Kashyap, Madan Mohan
9 (RLIN) 32742
245 ## - TITLE STATEMENT
Title Computer-based library information systems designing techniques /
Statement of responsibility, etc by Madan Mohan Kashyap
246 ## - VARYING FORM OF TITLE
Remainder of title
260 ## - PUBLICATION, DISTRIBUTION, ETC. (IMPRINT)
Name of publisher, distributor, etc Sterling Publishers
Place of publication, distribution, etc New Delhi
Date of publication, distribution, etc 1999
270 ## - ADDRESS
City New Delhi
Address L-10, green park extentions
Postal code 110016
300 ## - PHYSICAL DESCRIPTION
Extent xxii, 377p.
Dimensions 19cm(pbk)
500 ## - GENERAL NOTE
General note Includes bibliographical references and index
650 ## - SUBJECT ADDED ENTRY--TOPICAL TERM
Topical term or geographic name as entry element System analysis
9 (RLIN) 15673
650 ## - SUBJECT ADDED ENTRY--TOPICAL TERM
Topical term or geographic name as entry element System design
9 (RLIN) 15560
942 ## - ADDED ENTRY ELEMENTS (KOHA)
Source of classification or shelving scheme Dewey Decimal Classification
Koha item type English Books
Classification part 025.04
Call number suffix KAS
Holdings
Withdrawn status Lost status Damaged status Not for loan Collection code Home library Current library Date acquired Source of acquisition Cost, normal purchase price Total Checkouts Full call number Barcode Date last seen Copy number Cost, replacement price Price effective from Koha item type Source of classification or shelving scheme
      Not For Loan Reference Central Library Central Library 30/07/2015 Cen Lib/Ret 250.00   025.04 KAS A-994055 30/07/2015 1 250.00 30/07/2015 English Books  
        Non-fiction Shahdara Branch Shahdara Branch 08/01/2019 BPPD/PUB 250.00   025.04 KAS A-994059 08/01/2019   250.00 08/01/2019 English Books Dewey Decimal Classification

© Delhi Public Library
Hit Counter
free hit counter